LEADER 01643nlm0 22004571i 450 001 990009244330403321 010 $a9783540320005 035 $a000924433 035 $aFED01000924433 035 $a(Aleph)000924433FED01 035 $a000924433 100 $a20100926d2005----km-y0itay50------ba 101 0 $aeng 102 $aDE 135 $adrnn-008mamaa 200 1 $aComputer Safety, Reliability, and Security$bRisorsa elettronica$e24th International Conference, SAFECOMP 2005, Fredrikstad, Norway, September 28-30, 2005. Proceedings$fedited by Rune Winther, Bjørn Axel Gran, Gustav Dahll 210 $aBerlin ; Heidelberg$cSpringer$d2005 225 1 $aLecture Notes in Computer Science$x0302-9743$v3688 230 $aDocumento elettronico 336 $aTesto 337 $aFormato html, pdf 702 1$aDahll,$bGustav 702 1$aGran,$bBjørn Axel 702 1$aWinther,$bRune 801 0$aIT$bUNINA$gREICAT$2UNIMARC 856 4 $zFull text per gli utenti Federico II$uhttp://dx.doi.org/10.1007/11563228 901 $aEB 912 $a990009244330403321 961 $aCoding and Information Theory 961 $aCoding theory 961 $aComputer science 961 $aComputer Science 961 $aInformation Systems 961 $aLogic design 961 $aLogics and Meanings of Programs 961 $aManagement of Computing and Information Systems 961 $aSoftware engineering 961 $aSoftware Engineering/Programming and Operating Systems 961 $aSpecial Purpose and Application-Based Systems 996 $aComputer Safety, Reliability, and Security$9772429 997 $aUNINA LEADER 01148nem0-2200349---450 001 990009837180403321 005 20170515135730.0 035 $a000983718 035 $aFED01000983718 035 $a(Aleph)000983718FED01 035 $a000983718 100 $a20140313f---0---9km-y0itay50------ba 101 0 $aita 102 $aIT 120 $ab--------bl-- 121 $aaa-aabb-a$b-------- 123 1 $aa$b1:50000$do0050000$eo0030000$fn0461000$gn0454000 200 1 $aCarta sciistica della zona del Monte Rosa$bDocumento cartografico$fConsociazione turistica italiana 206 $a1:50000 (O5°-O3°/N46°10'-N45°40') 210 $aMilano$cCTI$ds. d. 215 $a1 c.$ccol., ripieg. in busta$d79 x 55 cm 300 $aMeridiano di riferimento Monte Mario, Roma 517 1 $aCervino Monte Rosa : carta degli itinerari sciistici 610 0 $aAlpi$aCarte 710 02$aTouring club italiano$05623 801 0$aIT$bUNINA$gRICA$2UNIMARC 901 $aMP 912 $a990009837180403321 952 $aMP UB Tem. 028$bIst. s.i.$fILFGE 959 $aILFGE 996 $aCarta sciistica della zona del Monte Rosa$9826870 997 $aUNINA